Logo CIB grande

REFRACTORIES FOR THE CHEMICAL PROCESS INDUSTRIES: SUPPLEMENT APPLICABLE ASTM STANDARDS (Registro nro. 211392)

Detalles MARC
000 -LEADER
campo de control de longitud fija 00537nam a2200205Ia 4500
005 - FECHA Y HORA DE LA ÚLTIMA TRANSACCIÓN
campo de control 20250425161540.0
008 - DATOS DE LONGITUD FIJA--INFORMACIÓN GENERAL
campo de control de longitud fija 250425s9999 xx 000 0 und d
041 ## - CÓDIGO DE IDIOMA
Código de lengua del texto/banda sonora o título independiente eng
082 ## - NÚMERO DE LA CLASIFICACIÓN DECIMAL DEWEY
Número de clasificación 666.72
010 ## - NÚMERO DE CONTROL DE LA BIBLIOTECA DEL CONGRESO
Número de control de LC 22782
100 ## - ENTRADA PRINCIPAL--NOMBRE DE PERSONA
Nombre de persona RUH, EDWIN
245 #0 - MENCIÓN DEL TÍTULO
Título REFRACTORIES FOR THE CHEMICAL PROCESS INDUSTRIES: SUPPLEMENT APPLICABLE ASTM STANDARDS
250 ## - MENCION DE EDICION
Mención de edición 1ST ED.
260 ## - PUBLICACIÓN, DISTRIBUCIÓN, ETC.
Lugar de publicación, distribución, etc. Estados Unidos
Nombre del editor, distribuidor, etc. MTI
Fecha de publicación, distribución, etc. 1984
260 ## - PUBLICACIÓN, DISTRIBUCIÓN, ETC.
Lugar de publicación, distribución, etc. OHIO CITY
300 ## - DESCRIPCIÓN FÍSICA
Extensión 392
650 ## - PUNTO DE ACCESO ADICIONAL DE MATERIA--TÉRMINO DE MATERIA
Término de materia o nombre geográfico como elemento de entrada PROCESOS INDUSTRIALES
650 ## - PUNTO DE ACCESO ADICIONAL DE MATERIA--TÉRMINO DE MATERIA
Término de materia o nombre geográfico como elemento de entrada PROCESOS QUIMICOS
942 ## - ELEMENTOS DE ENTRADA SECUNDARIOS (KOHA)
Tipo de ítem Koha Libros
Existencias
Estatus retirado Estado de pérdida Estado de daño No para préstamo Biblioteca de origen Biblioteca actual Ubicación en estantería Fecha de adquisición Coste, precio normal de compra Etiqueta RFID Total de préstamos Código de barras Copia número Tipo de ítem Koha
        CENTRO DE INFORMACIÓN BIBLIOTECARIA CENTRO DE INFORMACIÓN BIBLIOTECARIA   26/06/1998 0.01 0000000000000000008413   22487 1 Libros

Copyright 2025 ESPOL. Todos los derechos reservados.